Role, Motivation, and Performance of International Joint Ventures in Slovakia. 4
Medzinárodné spoločné podniky na Slovensku v roku 1990 a v súčasnosti. Vývoj podnikateľského prostredia na Slovensku. Motivácia slovenských partnerov pre vytváranie medzinárodných spoločných podnikov v roku 1990 a dnes. Učenie sa od partnerov. Priame zahraničné investície.
Salvato in:
| Autore principale: | |
|---|---|
| Altri autori: | |
| Natura: | Capitolo di libro |
| Lingua: | inglese |
| Soggetti: | |
| Tags: |
Nessun Tag, puoi essere il primo ad aggiungerne!!
|
MARC
| LEADER | 00000naa$a2200000$$$4500 | ||
|---|---|---|---|
| 001 | 0225125 | ||
| 005 | 20240502083600.9 | ||
| 041 | 0 | |a eng | |
| 044 | |a GB | ||
| 245 | 1 | 0 | |a Role, Motivation, and Performance of International Joint Ventures in Slovakia. 4 |c Soňa Ferenčíková, Tatiana Hlušková |
| 520 | |a Medzinárodné spoločné podniky na Slovensku v roku 1990 a v súčasnosti. Vývoj podnikateľského prostredia na Slovensku. Motivácia slovenských partnerov pre vytváranie medzinárodných spoločných podnikov v roku 1990 a dnes. Učenie sa od partnerov. Priame zahraničné investície. | ||
| 610 | 2 | 0 | |a podnik spoločný |
| 610 | 2 | 0 | |a podnik medzinárodný |
| 610 | 2 | 0 | |a joint ventures |
| 610 | 2 | 0 | |a motivácia |
| 610 | 2 | 0 | |a trh zahraničný |
| 610 | 2 | 0 | |a technológie nové |
| 610 | 2 | 0 | |a investície kapitálové |
| 610 | 2 | 0 | |a Slovensko |
| 100 | 1 | |a Ferenčíková, Soňa, 1960- | |
| 700 | 1 | |a Hlušková, Tatiana, 1987- | |